| 000 | 00820nam a22002415a 4500 | ||
|---|---|---|---|
| 005 | 20090907155244.0 | ||
| 008 | 060509s2006 nyu 000 0 eng | ||
| 010 | _aB-357102 | ||
| 020 |
_a9788187671985 _c110.00 |
||
| 035 | _aB-357102 | ||
| 037 | _bDBAD / PUB | ||
| 040 |
_adpl _bEnglish |
||
| 082 | _aS | ||
| 100 | _aMcElroy, Laurie | ||
| 245 |
_aSuper sneak / _cadapted by Laurie McElroy |
||
| 260 |
_aNew Delhi _bWestland _c2007 |
||
| 270 |
_aF-5, Okhla Industrial Area, Phase-I, Mezzaine Floor, _bNew Delhi _e110020 |
||
| 300 |
_a126p.: _bill. _c20cm(pbk) |
||
| 490 | _aHannah Montana | ||
| 650 | _aFiction | ||
| 942 |
_2ddc _cCH _hS _mMCE |
||
| 999 |
_c30158 _d30158 |
||